| 000 | 00849nam a22002417a 4500 | ||
|---|---|---|---|
| 999 |
_c13928 _d13928 |
||
| 003 | AR-CdUCM | ||
| 008 | 190417b ||||| |||| 00| 0 spa d | ||
| 020 | _a968-29-1528-7 | ||
| 040 |
_aMUNICIPALIDAD PROVINCIAL DEL CUSCO _cBIBLIOTECA MUNICIPAL DEL CUSCO |
||
| 082 |
_a869.103 / _bH56 |
||
| 100 |
_aHinojosa, Francisco _929488 |
||
| 245 | _aJoaquín y Maclovia se quieren casar / | ||
| 260 |
_aMéxico D. F. : _bConsejo Nacional De fomento educativo, _c1987. |
||
| 300 |
_a47 páginas ; _bImágenes, ilustraciones, fotografías, _c20 cm. |
||
| 440 |
_aLibros del rincón _928143 |
||
| 505 | _aContenido: Un sapo -- Maclovia -- Joaquín -- Y la boda ... | ||
| 650 |
_aSiglo XX _98 |
||
| 650 |
_aLiteratura latinoamericana _91143 |
||
| 650 |
_aCuentos _9217 |
||
| 700 |
_aMeza, Alicia _932546 |
||
| 942 |
_2ddc _cLIBROS |
||
| 945 |
_acmm _d2019-04-17 |
||